000 00834cad a22002295a 4500
001 L158744
008 121219e2015 xxk 000 0 eng d
035 _a(Sirsi) u158744
041 0 _aeng
100 1 _aHawkins, Cliff
245 0 0 _aTrust me, I'm a chartered surveyor
_h[electronic resource]
260 _c2015
490 _aRICS Property Journal
_vJuly-August 2015, 22-23(2)
520 _aExamines where conflicts of interest may arise and suggests how these situations should be approached.
650 2 4 _aCONFLICT OF INTEREST
650 2 4 _aETHICS
651 4 _aInternational
690 _aBusiness and management
710 _aRoyal Institution of Chartered Surveyors
_94900
856 4 0 _uhttps://www.rics.org/uk/news/journals/property-journal
_zView the journal free of charge at www.rics.org/journals...
942 _n0
999 _c84678
_d84678